000 00309nam a2200133Ia 4500
008 221030s9999 xx 000 0 und d
041 _aEnglish
082 _a105.23
100 _aEshan-Ul-Haq-Mir/1
245 0 _aROBOTICS WITH ARTIFICIAL INTELLIGENCE
260 _aJammu
_c1999
650 _aECE
942 _cTH
999 _c834
_d834